FAO monthly bulletin of statistics
Enregistré dans:
| Format: | Publication en série |
|---|---|
| Langue: | anglais |
| Publié: |
Rome
Food and Agricultural Organization
1981
|
| Tags: |
Pas de tags, Soyez le premier à ajouter un tag!
|
MARC
| LEADER | 00000nas2a2200000 4500 | ||
|---|---|---|---|
| 001 | s122695 | ||
| 005 | 20250730114210.3 | ||
| 041 | 0 | |a eng | |
| 044 | |a IT | ||
| 245 | 1 | 0 | |a FAO monthly bulletin of statistics |
| 264 | 1 | |a Rome |b Food and Agricultural Organization |c 1981 | |
| 300 | |a 1 zv. | ||
| 773 | 0 | |w eu_un_cat*s120686 | |